Sessualità. Il diritto di piacersi e di piacere (Record n. 360282)

Dettagli MARC
000 -LEADER
campo di controllo lung. fissa 00702nam a22002417a 4500
003 - Identificatore del numero di controllo
campo di controllo IT-MiCISF
005 - Data e orario dell'ultima transazione
campo di controllo 20250416121432.0
008 - Elementi di lunghezza fissa--Informazione generale
campo di controllo lung. fissa 241217b |||||||| |||| 00| 0 eng d
020 ## - ISBN (International Standard Book Number)
ISBN (International Standard Book Number) 9788892242548
040 ## - Fonte della catalogazione
Agenzia che fa la trascrizione IT-MiCISF
041 ## - Codice di lingua
Codice di lingua del testo/traccia sonora o titolo separato it
100 ## - Accesso principale -- nome di persona
Nome di persona Mazzetti Giuseppe (et al.)
9 (RLIN) 62083
245 ## - Formulazione del titolo
Titolo Sessualità. Il diritto di piacersi e di piacere
250 ## - Formulazione di edizione
Formulazione di edizione "SuperAbile INAIL", n.11, novembre
260 ## - Pubblicazione, distribuzione, ecc. (stampa)
Data di pubblicazione, distribuzione, ecc. 2024
300 ## - Descrizione fisica
Estensione pp. 3+8-13
310 ## - Periodicità corrente della pubblicazione
Periodicità corrente della pubblicazione mensile
500 ## - Nota generale
Nota generale handicap, sessualità, nuovi-media, educazione, legislazione
650 ## - Accesso aggiunto di soggetto--termine topico
Termine topico o nome geografico come accesso Sessualità
654 ## - Accesso aggiunto di soggetto--termini topici faccettati
Termine principale dossier
700 ## - Accesso aggiunto--nome di persona
Nome di persona Bombace R., Tedeschi G., Migliaccio M., Castagna A.
9 (RLIN) 62084
942 ## - Dati aggiuntivi (Koha)
Fonte della classificazione o dello schema di collocazione (segnatura) Dewey Decimal Classification
Tipo copia default (Koha) RIVISTA
Dati di copia
Ritirato (status) Perso (status) Fonte della classificazione o dello schema di collocazione (segnatura) Danneggiato (status) Non per il presito Biblioteca proprietaria Biblioteca in cui si trova Data d'acquisizione Totale prestiti Collocazione Data ultima operazione Prezzo in vigore dal Tipo copia default (Koha)
    Dewey Decimal Classification Buone Condizioni Not For Loan CISF - Milano CISF - Milano 16/04/2025   DG123 16/04/2025 16/04/2025 RIVISTA
CREDITS: SOCIETA' SAN PAOLO Via A.Severo, 58 - ROMA (RM) & PERIODICI SAN PAOLO SRL Via Giotto, 36 MILANO & CISF Via Giotto, 36 MILANO & EDIZIONI SAN PAOLO SRL,  Piazza Soncino, 5 CINISELLO BALSAMO (MI) -- ITALY